Passion : an essay on personality = Pasión: un ensayo sobre la personalidad /
保存先:
| 第一著者: | |
|---|---|
| フォーマット: | 不明 |
| 言語: | English |
| 出版事項: |
New York :
Collier Macmillan,
1984.
|
| 主題: | |
| タグ: |
タグ追加
タグなし, このレコードへの初めてのタグを付けませんか!
|
MARC
| LEADER | 000000000a22000000004500 | ||
|---|---|---|---|
| 001 | 012758 | ||
| 041 | 0 | |a eng | |
| 082 | 0 | 4 | |a 155.2 |b M277p |
| 100 | 1 | |a Unger, Roberto Mangabeira | |
| 245 | 1 | 0 | |a Passion : |b an essay on personality = Pasión: un ensayo sobre la personalidad / |c Roberto Mangabeira Unger. |
| 246 | 3 | 1 | |a Pasión: un ensayo sobre la personalidad |
| 260 | 1 | |a New York : |b Collier Macmillan, |c 1984. | |
| 300 | |a 300 páginas ; |c 25 cm | ||
| 650 | 4 | |a PERSONALIDAD | |
| 500 | |a Colección George Yúdice | ||
| 999 | |c 18708 |d 18708 | ||
| 942 | |c BK |h 155.2 M277p |2 z | ||
